Lesser Known Music Artists - 2 - Statistics

General Stats
  • This quiz has been taken 185 times
  • The average score is 6 of 20
Answer Stats
Hint Song Artist % Correct
Supervillain persona rapper known for Madvillainy Rapp Snitch Knishes MF DOOM
55%
Best selling Irish solo act and pioneer of New Age music Only Time Enya
52%
No wave turned post-punk, noise rock band Teen Age Riot Sonic Youth
45%
George Clinton headed funk music collective Flash Light Parliament-Funkadelic
40%
Indie folk artist who often sang about ADHD and depression Between the Bars Elliott Smith
35%
Gothic rock act sharing a similar name to a Native American tribe Spellbound Siouxsie & the Banshees
34%
First band with a diverse racial and multi-gendered lineup Everyday People Sly & the Family Stone
32%
Scottish indie pop band led by Stuart Murdoch The Boy with the Arab Strap Belle & Sebastian
30%
He brought social awareness to soul once part of The Impressions Move on Up Curtis Mayfield
26%
Big Thief lead vocalist and successful solo indie folk act Anything Adrianne Lenker
25%
Post hardcore band known for their "13 Songs" Waiting Room Fugazi
24%
Frequently file shared jam band with a cult following Wilson Phish
23%
Swedish rapper who collabed with Ecco2K to form Krossad Be Nice 2 Me Bladee
22%
60s psychedelia garage rock band led by Arthur Lee Alone Again Or Love
21%
Alternative solo rock act known for "To Bring You My Love" Down By The Water PJ Harvey
21%
Early punk rock band featuring Johnny Thunders Personality Crisis New York Dolls
20%
Pioneer of alternative rock known for "Let It Be" & "Tim" Swingin' Party The Replacements
20%
Experimental English rock band starting in 2018 Athens, France Black Country, New Road
19%
Producer and band member of Big Black & Shellac Kerosene Steve Albini
15%
"Queen of Gospel" during the height of the gospel age Move On Up a Little Higher Mahalia Jackson
7%
No matching quizzes found
Score Distribution
Percent of People with Each Score
Percentile by Number Answered
Your Score History
You have not taken this quiz